Podvody v organizáciách a ich prevencia

Definícia pojmu podvod ako úmyselného uvedenia v omyl s cieľom získať výhodu. Najčastejšie druhy a dôvody interných a externých podvodov. Využívanie interných kontrol ako prevenčného nástroja proti podvodom.

Gespeichert in:
Bibliographische Detailangaben
1. Verfasser: Jurenková, Dana
Format: Buchkapitel
Sprache:Slowakisch
Schlagworte:
Tags: Tag hinzufügen
Keine Tags, Fügen Sie das erste Tag hinzu!

MARC

LEADER 00000naa a2200000 4500
001 0121528
005 20240502072359.0
041 0 |a slo 
044 |a SK 
245 1 0 |a Podvody v organizáciách a ich prevencia  |c Dana Jurenková 
520 |a Definícia pojmu podvod ako úmyselného uvedenia v omyl s cieľom získať výhodu. Najčastejšie druhy a dôvody interných a externých podvodov. Využívanie interných kontrol ako prevenčného nástroja proti podvodom. 
610 2 0 |a spoločnosti 
610 2 0 |a organizácie 
610 2 0 |a priemysel 
610 2 0 |a služby 
610 2 0 |a obchod 
610 2 0 |a podvody 
610 2 0 |a kriminalita hospodárska 
610 2 0 |a kriminalita finančná 
610 2 0 |a korupcia 
610 2 0 |a škody 
610 2 0 |a prevencia 
100 1 |a Jurenková, Dana